00318nam a2200121Ia 4500008004100000100002700041245005900068260002100127300000800148650001600156942000700172999001700179190216s9999||||xx |||||||||||||| ||und|| aJanardhanan Pillay .cp 0aMathematics With Theory And Problems With I Pre-Degree bVidyarthimithram a756 aMathematics cBK c31197d31197